000 00539cam a22001932a 4500
001 024696
003 AR-FADEU
008 311216n1966####xxu####################dd
092 _a320.531
_bK21
_eBDT
100 _aKautsky, Carlos
245 _aLa doctrina socialista : réplica al libro de Bernstein, socialismo teórico y socialismo práctico
260 _aBuenos Aires
260 _bClaridad
260 _c1966
300 _a242 p
440 _aBiblioteca de cultura socialista
_n13
650 _aSOCIALISMO/BDT/
942 _cBDT
999 _c30383
_d30383